Sports Quiz

Random Sports or Football Quiz

Famous Football Coaches from Ohio Quiz Stats

 Plays Quiz not verified by Sporcle

Challenge
Share
Tweet
Embed
Score 0/24 Timer 15:00
0 Plays Today
Places Coached Coach's Name % Correct
Youngstown State, Ohio StateJim Tressel
81.3%
Bowling Green, Utah, Florida, Ohio StateUrban Meyer
80.7%
Miami (OH), MichiganBo Schembechler
79.5%
Denison, Miami (OH), Ohio StateWoody Hayes
78.9%
William and Mary, NC State, New York Jets, Arkansas, Minnesota, Notre Dame, South CarolinaLou Holtz
78.3%
OklahomaBob Stoops
77.1%
Massilon Washington, Ohio State, Cleveland Browns, Cincinnati BengalsPaul Brown
75.3%
Baltimore Colts, Miami DolphinsDon Shula
71.7%
ArizonaMike Stoops
68.7%
Oklahoma State, LSULes Miles
66.3%
NebraskaBo Pelini
59.6%
KentuckyMark Stoops
56.4%
Places Coached Coach's Name % Correct
Florida, IllinoisRon Zook
54.2%
Oakland Raiders, Tampa Bay BuccaneersJon Gruden
50%
Toledo, MissouriGary Pinkel
47%
University of Cincinnati, Michigan StateMark Dantonio
45.8%
Miami (OH), Northwestern, Notre DameAra Parseghian
44%
Pittsburgh SteelersChuck Noll
41.6%
Cincinnati Moeller, Notre Dame, AkronGerry Faust
32.5%
Mount UnionLarry Kehres
30.1%
Illinois, Michigan, Detroit LionsGary Moeller
25.9%
Miami (OH), NorthwesternRandy Walker
23.5%
Tulane, Arizona, USC, MissouriLarry Smith
16.3%
LSU, Army, South CarolinaPaul Dietzel
12%

You're not logged in!

Compare scores with friends on all Sporcle quizzes.
OR
Log In

You Might Also Like...

Show Comments

Extras

Created Feb 19, 2011ReportNominate
Tags:Football Quiz, coach, ohio

Top Quizzes Today


Score Distribution

Your Account Isn't Verified!

In order to create a playlist on Sporcle, you need to verify the email address you used during registration. Go to your Sporcle Settings to finish the process.

Report this User

Report this user for behavior that violates our Community Guidelines.

Details: